Directory of non-governmental environment and development organisations in OECD member countries

Saved in:
Bibliographic Details
Corporate Author: Organisation for Economic Co-operation and Development Development Centre
Format: Book
Language:English
Published: Paris : OECD, c1992
Subjects:
Tags: Add Tag
No Tags, Be the first to tag this record!

MARC

LEADER 00000nam a2200000 i 4500
001 1/104957
008 950607s1992 i eng d
020 |a 92-64-03536-2 
035 |l 10013473 
040 |a GR-MY-UA  |b gre  |e aacr 
041 0 |a eng 
082 0 |a 060.25 
245 1 0 |a Directory of non-governmental environment and development organisations in OECD member countries /  |c Environment and Development in the Third World, OECD Development Centre = Repertoire des organisations non gouvernementales dans les pays membres de l'OCDE pour l'environnement et le developpement / Environnement et developpement du Tiers Monde, Centre de developpement de l'OCDE 
246 3 3 |a Repertoire des organisations non gouvernementales dans les pays membres de l'OCDE pour l'environnement et le developpement 
260 |a Paris :   |b OECD,   |c c1992 
300 |a 409 p.;  |c 27 cm 
500 |a English and French 
504 |a Includes bibliographical references and index 
650 0 0 |a Non-governmental organizations  |x Directories. 
650 0 0 |a Economic assistance  |z Developing countries  |x Directories. 
710 2 |a Organisation for Economic Co-operation and Development  |b Development Centre. 
852 |a INST  |b LESVOS  |e 19960401  |h 060.25 DIR  |p 005100000126  |q 005100000126  |t REF  |y 23 
852 |a INST  |b LESVOS  |e 19950607  |h 060.25 DIR  |p 005100000127  |q 005100000127  |t REF  |y 23 
909 |a Λ  |b 023255 
909 |a Λ  |b 023256